Miramar /

Kaydedildi:
Detaylı Bibliyografya
Yazar: Peirano, Gloria (autor)
Materyal Türü: Kitap
Dil:İspanyolca
Baskı/Yayın Bilgisi: Barcelona, España : Alfaguara, 2023, c2023
Seri Bilgileri:(Mapa de las Lenguas)
Konular:
Etiketler: Etiketle
Etiket eklenmemiş, İlk siz ekleyin!

MARC

LEADER 00000nam^a2200000^a^4500
001 000564716
005 20250521000000.0
009 20260310132031.004
020 |a 978-84-204-7492-2 
037 |a Acervo ITESO - Biblioteca 
041 |a ESP 
082 |a 863.  |b PEI 
100 |a Peirano, Gloria  |e (autor) 
245 1 0 |a Miramar /  |c G. Peirano. 
264 4 |a Barcelona, España :  |b Alfaguara,  |c 2023, c2023 
300 |a 202 p. 
336 |a texto  |b txt  |2 rdacontenido 
337 |a sin mediación  |b n  |2 rdamedio 
338 |a volumen  |b nc  |2 rdasoporte 
440 1 |a (Mapa de las Lenguas) 
649 |a XX 
650 |a Niños en la Literatura 
650 |a Mujeres en la Literatura 
650 |a Familia Disfuncional en la Literatura 
650 |a Novela Argentina 
650 |a Literatura Argentina -  |y Siglo XXI 
650 |a Literatura de Mujeres -  |z Argentina 
650 |a Relaciones Padres-Hijos en la Literatura 
910 |a Fondo General 
920 |a Impresos - Libros 
930 |a Colección General 
940 |a Literatura 
905 |a 101 
901 |a 0500398340  |b IT1  |c LIT  |i C182500  |u 20250521 
902 |a https://opac.biblio.iteso.mx/vufind/Record/000564716